| 000 | 00447nam a2200169Ia 4500 | ||
|---|---|---|---|
| 005 | 20240730022833.0 | ||
| 008 | 240331s9999 xx 000 0 und d | ||
| 020 | _a8187644389 | ||
| 082 |
_bSHA _a294 |
||
| 100 | _aShanmugalingam, N | ||
| 245 | 2 |
_aA new face of durga : _breligious and social change in Sri Lanka |
|
| 260 |
_aNew Delhi _bKalinga Publications _c2002 |
||
| 300 | _a 199 p ., | ||
| 650 | _aReligion | ||
| 650 | _aSocial | ||
| 942 | _cL | ||
| 999 |
_c2348 _d2348 |
||